| 000 | 01094cam a2200361 i 4500 | ||
|---|---|---|---|
| 999 |
_c200449300 _d67512 |
||
| 001 | 3767793 | ||
| 003 | TR-AnTOB | ||
| 005 | 20240812161317.0 | ||
| 007 | ta | ||
| 008 | 830315s1983 nyua b 001 0 eng | ||
| 010 | _a 83004190 | ||
| 020 | _a0393952533 | ||
| 040 |
_aDLC _beng _erda _cDLC _dDLC _dOCoLC _dTR-AnTOB |
||
| 041 | _aeng | ||
| 050 | 0 | 0 | _aHC59.7 |
| 090 |
_aHC59.7 _b.E314 1983 |
||
| 100 | 1 |
_aGillies, Malcolm _9137818 |
|
| 245 | 0 | 0 |
_aEconomics of development / _cMalcolm Gillis [and three others] |
| 250 | _a1st ed. | ||
| 264 | 1 |
_aNew York : _bW.W. Norton, _cc1983. |
|
| 300 |
_axviii, 599 pages : _billustrations ; _c25 cm. |
||
| 336 |
_2rdacontent _atext _btxt |
||
| 337 |
_2rdamedia _aunmediated _bn |
||
| 338 |
_2rdacarrier _avolume _bnc |
||
| 504 | _aBIBINDX | ||
| 650 | 0 |
_aEconomic development _91528 |
|
| 651 | 0 |
_aDeveloping countries _xEconomic policy _91090 |
|
| 700 | 1 |
_aPerkins, Dwight H. _q(Dwight Heald), _d1934- _961238 |
|
| 700 | 1 |
_aRoemer, Michael, _9137821 _d1928- |
|
| 700 | 1 |
_aSnodgrass, Donald _9137822 |
|
| 942 |
_2lcc _cBK |
||